| 000 | 00637nam a22001817a 4500 | ||
|---|---|---|---|
| 999 |
_c17092 _d17092 |
||
| 003 | AR-CdUCM | ||
| 008 | 190507b ||||| |||| 00| 0 spa d | ||
| 040 |
_aMUNICIPALIDAD PROVINCIAL DEL CUSCO _cBIBLIOTECA MUNICIPAL DEL CUSCO |
||
| 082 |
_23ed. _a108 / _bT14 |
||
| 100 |
_aTagore _936926 |
||
| 245 | _aLa religión del hombre / | ||
| 260 |
_aBuenos Aires : _bAguilar, _c1963. |
||
| 300 |
_a252 páginas ; _c16 cm. |
||
| 505 | _aEl espíritu creador -- El remanente en el hombre -- La unión espiritual -- El profeta -- La visión -- El hombre de mi corazón ... | ||
| 650 |
_aReligión. _91195 |
||
| 942 |
_2ddc _cLIBROS |
||
| 945 | _awfj | ||